Responses for Show #8681 - Monday, July 11, 2022

Contestants

[<< previous game]

Steve Clarke, a lawyer from Chesapeake, Virginia

Aleithia Stephens, a course developer from Oklahoma City, Oklahoma

Robert Won, a math professor from Washington, D.C. (whose 1-day cash winnings total $32,001)

[next game >>]

Jeopardy! Round responses

GLACIERS
HEARING RED
THE RAVEN-POURRI
(Mayim: Each response pretty much rhymes with "nevermore".)
LICENSE PLATE MOTTOS
GREAT BRITAIN IN THE 1700s
CHEERY-"O"
(Mayim: Responses start with "O".)
    $200 13
volcanoes

Steve
    $200 24
red balloons

Steve
    $200 20
the Trojan War

Steve
    $200 1
Tennessee

Robert
    $200 11
prime minister

Robert
    $200 6
an optimist

Robert
    $400 14
(Steve: What is Australia?)

New Zealand

AleithiaSteve
    $400 25
The Wiggles

Steve
    $400 21
(Robert: What is the door?)

a Dutch door

RobertSteve
    $1,000 2
(Robert: What is New Hampshire?)
...
(Mayim: It's a reference to Mount Rushmore.)

South Dakota

Robert
    $400 15
(Robert: What is the Oxford English Dictionary?)

the dictionary

RobertAleithia
    $400 7
an ovation

Steve
    $600 17
Greenland

Steve
    $600 26
"Red Rain"

Aleithia
    $600 8
[Mayim corrects Robert's pronunciation from "puh-TEET four" to "petty four".]

petit four

Robert
    $600 3
Puerto Rico

Robert
    $600 16
beheading

Steve
    $600 9
outstanding

Robert
    $800 18
(Robert: Who is John [*]?)

Muir (Muir Glacier)

Robert
    $800 29
"Red Red Wine"

Steve
    $800 22
Mandy Moore

Robert
    $800 4
(Steve: What is Mississippi?)

Alabama

RobertSteve
    $800 27
the Messiah

Robert
    $800 10
oyster

Aleithia
    $1000 19
fjords

Robert
    $1000 30
Tim McGraw

Steve
    $1000 23
Labrador

Steve
    $1000 5
Ohio

Robert
    $1000 28
a steam engine

Steve
    $1000 12
opa

Steve

Scores at the first commercial break (after clue 15):

Robert Aleithia Steve
$2,800 $1,600 $400

Scores at the end of the Jeopardy! Round:

Robert Aleithia Steve
$5,800 $2,200 $6,600

Double Jeopardy! Round responses

WRITER, WRONGER
CHARACTERS IN THE MOVIE
TRIAL & ERA
WOOD
GEOGRAPHY FROM MACAU TO OGDEN
(Mayim: All responses fall alphabetically between those two places.)
FAMILIAL PHRASES
    $400 30
Mark Twain

Steve
    $400 1
The Matrix

Aleithia
    $400 14
he was dead

Triple Stumper
    $400 20
cedar

Aleithia
    $400 9
Nepal

Aleithia
    $400 4
the mother lode

Robert
    $800 25
Faulkner

Steve
    $800 2
Coco

Robert
    $800 15
WikiLeaks

Steve
    $800 21
pine

Aleithia
    $800 10
Madrid

Robert
    $800 5
(Robert: What is your [*]?)

uncle

Robert
    $1200 26
(Lord) Byron

Aleithia
    $1200 3
Once Upon a Time in Hollywood

Triple Stumper
    $1200 16
the (HMS) Bounty

Steve
    $1200 22
(Aleithia: What is walnut?)

cherry

RobertAleithia
    $5,000 11
(Mayim: Capital of Kenya, well done.)

Nairobi

Robert
    $1200 6
(Steve: What is gal pal?)

sisters before misters

RobertSteve
    $1600 27
the Marquis de Sade

Triple Stumper
    $1600 19
Bull Durham

Steve
    $1600 17
Oscar Wilde

Aleithia
    $1600 23
fir

Steve
    $1600 12
Lake Mead

Aleithia
    $5,000 7
grandfather

Robert
    $2000 28
William S. Burroughs

Triple Stumper
    $2000 29
Saving Private Ryan

Triple Stumper
    $2000 18
Cicero

Triple Stumper
    $2000 24
(Mayim: His name was Sequoyah.)

sequoia

Triple Stumper
    $2000 13
Oakland

Steve
    $2000 8
(Mayim: You ran that category.)
[Applause]

band of brothers

Robert

Scores at the end of the Double Jeopardy! Round:

Robert Aleithia Steve
$23,000 $7,400 $13,800

[wagering suggestions for these scores]

Final Jeopardy! Round responses

MUSICAL THEATER
(Mayim: [To Aleithia] Considered the first great American opera, with music by George Gershwin...)
AleithiaWhat is Porgy & Bess?
$7,399
SteveWhat is Porgy and Bess?
$4,601
RobertWhat is South Pacific?
$4,601
Porgy and Bess

Final scores:

Robert Aleithia Steve
$18,399 $14,799 $18,401
2nd place: $2,000 3rd place: $1,000 New champion: $18,401

Game dynamics:

Coryat scores:

Robert Aleithia Steve
$16,800 $7,400 $13,800
21 R
(including 2 DDs),
3 W
(including 1 DD)
11 R,
1 W
20 R,
3 W

Combined Coryat: $38,000

[game clues] [game scores] [suggest correction]

Game tape date: 2022-05-06
The J! Archive is created by fans, for fans. Scraping, republication, monetization, and malicious use prohibited; this site may use cookies and collect identifying information. See terms. The Jeopardy! game show and all elements thereof, including but not limited to copyright and trademark thereto, are the property of Jeopardy Productions, Inc. and are protected under law. This website is not affiliated with, sponsored by, or operated by Jeopardy Productions, Inc. Join the discussion at JBoard.tv.